| 000 | 00783nam a22002414a 4500 | ||
|---|---|---|---|
| 001 | ENG-90855 | ||
| 005 | 20080710105903.0 | ||
| 008 | 080902t xxu||||| |||| 00| 0 eng d | ||
| 010 | _aENG-90855 | ||
| 020 |
_a8122007376 _c300.00 |
||
| 035 | _aEN-74388 | ||
| 037 | _bDBAD / PUB | ||
| 040 |
_aDPL _bEnglish |
||
| 082 | _aS | ||
| 100 | _aRay, B.K.S. | ||
| 245 |
_aThe stranger: _ba collection of short stories / _cby B.K.S. Ray |
||
| 260 |
_aDelhi _bKonark Publishers _c2008 |
||
| 270 |
_aA-149, Main Vikas Marg, _bDelhi _d110092 |
||
| 300 |
_avii, 123 p. _c23 cm (Hb) |
||
| 650 | _aShort stories, English | ||
| 942 |
_2ddc _cEN _mRAY _hS |
||
| 999 |
_c15265 _d15265 |
||